Bouvard e Pécuchet (Registo nº 246)

Detalhes MARC
000 -Etiqueta do registo
Cabeçalho 00660nam0a22002411 4500
005 - Identificador da versão
Campo de controlo 20240813121758.0
010 ## - Número internacional normalizado dos livros (ISBN)
Número (ISBN) 8497891562
021 ## - Número do Depósito Legal
Código do país PT
Número B. 47 645-2003
100 ## - Dados gerais de processamento
Dados gerais de processamento 20160318d2003 a e0pory5003 ba
102 ## - Pais de publicação ou produção
País de publicação Portugal
101 1# - Língua de publicação
Língua do texto, banda sonora, etc. Português
Língua do documento no original Francês
215 ## - Descrição física 
Indicação específica da natureza do documento e extensão da espécie 284, [1] p
200 1# - Titulo e menção de responsabilidade
Título próprio Bouvard e Pécuchet
Primeira menção de responsabilidade Gustave Flaubert
225 2# - Colecção 
Título próprio da colecção Mil folhas
Indicação de volume 81
210 ## - Publicação, Distribuição, etc. 
Lugar da edição, distribuição, etc. Porto
Nome do editor, distribuidor, etc. Público
Data da publicação, distribuição, etc. cop. 2003
606 ## - Nome comum usado como assunto
Número de registo de entrada de autoridade 0002029
Palavra de ordem Literatura francesa
Subdivisão de assunto Romance
Código do sistema CA
675 ## - Classificação Decimal Universal (CDU)
Notação 821.133.1-31
Edição 3ª ed.
Língua da edição por
700 #1 - Nome de autor-pessoa física (responsabilidade principal)
Número de registo de entrada de autoridade 0002820
Palavra de ordem Flaubert
Outra parte do nome não tomada para palavra de ordem Gustave
Datas 1821-1880
966 ## - Identificação da Biblioteca
Sigla EB2,3ENM
942 ## - Elementos de entrada adicionados (Koha)
Tipo de item no Koha Livro
Exemplares
Situação do levantamento Origin of item (home branch) (coded) Biblioteca de empréstimo Código de barras Cota Circulation type (not for loan) Tipo de documento Nota do exemplar Damaged status
  Biblioteca Escolar Eng. Nuno Mergulhão Biblioteca Escolar Eng. Nuno Mergulhão BENM976 82LE-3 FLA   Livro Sem mensagem